Statistics for One Minute Christmas Card

Click here to take the quiz!

General Stats

  • This quiz has been taken 674 times
  • The average score is 12 of 26

Answer Stats

* * * * * * * * * * * * * * * * * * * * * * * * * * * *% Correct
A
99%
AB
85%
ABC
84%
ABCD
82%
ABCDE
82%
ABCDEF
80%
MerryABCDEFG
79%
ChristmasABCDEFGH
78%
fromABCDEFGHI
77%
Jerry928ABCDEFGHIJ
76%
ABCDEFGHIJK
72%
AucklandABCDEFGHIJKL
67%
New ZealandABCDEFGHIJKLM
61%
ABCDEFGHIJKLMN
52%
ABCDEFGHIJKLMNO
42%
ABCDEFGHIJKLMNOP
32%
ABCDEFGHIJKLMNOPQ
20%
ABCDEFGHIJKLMNOPQR
13%
ABCDEFGHIJKLMNOPQRS
7%
ABCDEFGHIJKLMNOPQRST
4%
ABCDEFGHIJKLMNOPQRSTU
2%
ABCDEFGHIJKLMNOPQRSTUV
1%
ABCDEFGHIJKLMNOPQRSTUVW
0%
ABCDEFGHIJKLMNOPQRSTUVWX
0%
ABCDEFGHIJKLMNOPQRSTUVWXY
0%
ABCDEFGHIJKLMNOPQRSTUVWXYZ
0%

Score Distribution

Percentile by Number Answered

Percent of People with Each Score

Your Score History

You have not taken this quiz